[Event "N3"]
[Site "?"]
[Date "2003.??.??"]
[Round "8"]
[White "Benmesbah, Natacha"]
[Black "Chartier, Gilles"]
[Result "1-0"]
[WhiteElo "1910"]
[BlackElo "1780"]
[EventDate "2003.??.??"]
[Annotator "CEIT/Cahors"]
[PlyCount "97"]

1.e4 e5 2.Nf3 d5 3.exd5 e4 4.Qe2 Nf6 5.Nc3 Be7 6.Nxe4 O-O 7.d3 Nxd5 8.Qd1 
Nc6 9.Be2 f5 10.Ng3 Qe8 11.O-O Qg6 12.c4 Nb6 13.Bf4 Bd6 14.Qd2 Bd7 15.Nh4 
Qf6 16.Bg5 Qe5 17.Nf3 Qe8 18.Bf4 Qg6 19.Bxd6 Qxd6 20.d4 Qf6 21.d5 Ne5 22.
Rac1 Rad8 23.c5 Nc8 24.Qf4 Ng6 25.Qxc7 Qxb2 26.Bc4 Kh8 27.c6 bxc6 28.dxc6 
f4 29.cxd7 fxg3 30.dxc8=Q gxf2+ 31.Kh1 Rxc8 32.Qxa7 Rxc4 33.Rxc4 Qe2 34.
Rcc1 Rxf3 35.Qa8+ Rf8 36.Qd5 Qe3 37.Qc5 Qe2 38.Qc2 Qe3 39.Qb2 Nh4 40.Rc7 
Nf5 41.Qxf2 Qd3 42.Kg1 h5 43.Rc5 g6 44.Qb2+ Kh7 45.Rc7+ Kh6 46.Qc1+ g5 47.
Qc6+ Nd6 48.Rxf8 Qd1+ 49.Rf1 1-0

[Event "N3"]
[Site "?"]
[Date "2003.??.??"]
[Round "8"]
[White "Bedue, Julien"]
[Black "Negre, Albert"]
[Result "1-0"]
[WhiteElo "2196"]
[BlackElo "2121"]
[EventDate "2003.??.??"]
[Annotator "Condom/Perpignan"]
[PlyCount "53"]

1.d4 Nf6 2.Bg5 Ne4 3.Be3 d5 4.f3 Nf6 5.Nc3 Bf5 6.g4 Bg6 7.Nh3 h6 8.Nf4 Bh7
9.h4 c6 10.g5 Nfd7 11.g6 fxg6 12.Ne6 Qb6 13.Qd2 Na6 14.Bh3 Bg8 15.Qd3 Bf7 
16.O-O-O Nb4 17.Qd2 Bxe6 18.Bxe6 O-O-O 19.Bf4 c5 20.Qe3 cxd4 21.Rxd4 g5 
22.hxg5 hxg5 23.Bxd7+ Kxd7 24.Rxh8 gxf4 25.Nxd5 Nxa2+ 26.Kb1 Qa5 27.Nxf4+ 
1-0

[Event "N3"]
[Site "?"]
[Date "2003.??.??"]
[Round "8"]
[White "Barthelemy, Guy"]
[Black "Laurain, Dominique"]
[Result "0-1"]
[WhiteElo "2030"]
[BlackElo "2109"]
[EventDate "2003.??.??"]
[Annotator "Montpellier/Tournefeuille"]
[PlyCount "30"]

1.d4 Nf6 2.c4 g6 3.Nc3 d5 4.Nf3 Bg7 5.Bg5 Ne4 6.Bf4 Nxc3 7.bxc3 O-O 8.Qd2 
c5 9.e3 Nc6 10.Rd1 Bg4 11.cxd5 Bxf3 12.dxc6 Bxc6 13.f3 Qa5 14.Kf2 Rfd8 15.
Qc2 Ba4 0-1

[Event "N3"]
[Site "?"]
[Date "2003.??.??"]
[Round "8"]
[White "Ayche, Marcel"]
[Black "Josserand, Pascal"]
[Result "0-1"]
[WhiteElo "1670"]
[BlackElo "1840"]
[EventDate "2003.??.??"]
[Annotator "Montpellier/Tournefeuille"]
[PlyCount "54"]

1.e4 e6 2.d4 d5 3.Nd2 Nf6 4.e5 Nfd7 5.Ngf3 c5 6.c3 Nc6 7.Be2 Be7 8.O-O 
cxd4 9.cxd4 f6 10.exf6 Nxf6 11.Nb3 Qc7 12.Be3 O-O 13.Rc1 Ng4 14.h3 Nxe3 
15.fxe3 Qd6 16.a3 e5 17.Qe1 e4 18.Nh2 Rxf1+ 19.Nxf1 Bg5 20.Qc3 Qh6 21.Bb5 
Ne7 22.Qe1 a6 23.Be2 Bxe3+ 24.Nxe3 Qxe3+ 25.Kh1 Qxb3 26.Rc7 Nf5 27.Qf1 
Ng3+ 0-1

[Event "N3"]
[Site "?"]
[Date "2003.??.??"]
[Round "8"]
[White "Alaux, Sophie"]
[Black "Delorme, Jackie"]
[Result "1-0"]
[WhiteElo "1780"]
[BlackElo "1120"]
[EventDate "2003.??.??"]
[Annotator "Condom/Perpignan"]
[PlyCount "47"]

1.e4 e5 2.Nf3 Nc6 3.Bb5 Nge7 4.O-O a6 5.Ba4 d6 6.c3 Bd7 7.d3 h6 8.Nh4 Ng6 
9.Nxg6 fxg6 10.f4 Qe7 11.Bxc6 Bxc6 12.Qg4 Bd7 13.Qxg6+ Kd8 14.Na3 b5 15.
fxe5 dxe5 16.Be3 c6 17.Nc2 Kc7 18.Rf7 Qe6 19.Qxe6 Rd8 20.Qxe5+ Bd6 21.Bb6+
Kxb6 22.Qxd6 Rhg8 23.Rxd7 Rdf8 24.Qc7+ 1-0

[Event "N3 - Tournefeuille / Condom"]
[Site "?"]
[Date "2003.??.??"]
[Round "6.6"]
[White "Bruzzone, Carlo"]
[Black "Relea, Nicolas"]
[Result "0-1"]
[WhiteElo "2040"]
[BlackElo "2070"]
[EventDate "2003.07.04"]
[PlyCount "72"]

1.e4 Nc6 2.Nf3 d6 3.d4 Bg4 4.Be2 Nf6 5.Nc3 e6 6.Be3 d5 7.e5 Nd7 8.O-O Be7 
9.h3 Bh5 10.a3 Nb6 11.b3 O-O 12.Qd2 Bxf3 13.Bxf3 f5 14.exf6 Bxf6 15.Rad1 
Qe7 16.Bg4 Rae8 17.Rfe1 a6 18.a4 Qf7 19.a5 Nd7 20.Na4 Nd8 21.Bf3 c6 22.c4 
e5 23.cxd5 e4 24.Bg4 cxd5 25.Qb4 Be7 26.Qd2 Bd6 27.Bxd7 Qxd7 28.Nb6 Qf5 
29.Rf1 Rf6 30.Qc2 Nc6 31.h4 Rg6 32.Kh1 Rxg2 33.Kxg2 Qf3+ 34.Kg1 Re6 35.Bg5
Rg6 36.Qc1 Bf4 0-1

[Event "N3 - Tournefeuille / Condom"]
[Site "?"]
[Date "2003.??.??"]
[Round "6.4"]
[White "Garrel, Alain"]
[Black "Beaurain, Jerome"]
[Result "1-0"]
[WhiteElo "2153"]
[BlackElo "2105"]
[EventDate "2003.07.04"]
[PlyCount "111"]

1.d4 d5 2.Nf3 e6 3.c4 c6 4.Qc2 Bd6 5.g3 f5 6.c5 Bc7 7.Bf4 Nd7 8.Nbd2 h6 9.
Nb3 Ngf6 10.Bxc7 Qxc7 11.Nc1 Qa5+ 12.Nd2 Ne4 13.Nd3 e5 14.b4 Qc7 15.f3 
Nxd2 16.Qxd2 O-O 17.Bh3 exd4 18.Qb2 Ne5 19.Qxd4 Nxd3+ 20.exd3 f4 21.Bxc8 
Raxc8 22.g4 Rce8+ 23.Kd2 Re3 24.Rhf1 Rfe8 25.Rae1 Kf7 26.a4 g5 27.h3 Qe5 
28.Qxe5 R8xe5 29.Rxe3 Rxe3 30.b5 a6 31.bxa6 bxa6 32.Kc3 a5 33.Kd4 Ke6 34.
Rf2 Re1 35.Rb2 Ra1 36.Rb6 Rxa4+ 37.Kc3 Kd7 38.Rb7+ Kc8 39.Rh7 Ra3+ 40.Kd4 
Ra4+ 41.Ke5 Ra3 42.Kd6 a4 43.Kxc6 Kb8 44.Rb7+ Ka8 45.Rb5 Rb3 46.Ra5+ Kb8 
47.Rxa4 Rxd3 48.Kd7 Rxf3 49.c6 Rc3 50.Rb4+ Ka7 51.c7 f3 52.c8=Q Rxc8 53.
Kxc8 f2 54.Rb1 d4 55.Kc7 Ka6 56.Kc6 1-0

[Event "N3 - Tournefeuille / Condom"]
[Site "?"]
[Date "2003.??.??"]
[Round "6.2"]
[White "Daloz, Jean-Michel"]
[Black "Bedue, Julien"]
[Result "1/2-1/2"]
[WhiteElo "2183"]
[BlackElo "2196"]
[EventDate "2003.07.04"]
[PlyCount "50"]

1.c4 e5 2.Nc3 Nf6 3.Nf3 d6 4.d4 exd4 5.Nxd4 Be7 6.g3 O-O 7.Bg2 a5 8.O-O 
Re8 9.b3 Na6 10.Bb2 Bf8 11.Qd2 Nc5 12.Rac1 Nfe4 13.Nxe4 Nxe4 14.Qc2 Qe7 
15.f3 Ng5 16.h4 Qe3+ 17.Kh2 Ne6 18.Nf5 Qc5 19.Rfd1 a4 20.Rd5 axb3 21.Qc3 
Qf2 22.Nxg7 Nf4 23.gxf4 Rxe2 24.Rg5 Qxh4+ 25.Kg1 Qf2+ 1/2-1/2

[Event "N3 - Montpellier Eur / Cahors"]
[Site "?"]
[Date "2003.??.??"]
[Round "6.5"]
[White "Lenfant, Francois"]
[Black "Bony, Regis"]
[Result "1-0"]
[WhiteElo "2106"]
[BlackElo "1850"]
[EventDate "2003.07.04"]
[PlyCount "67"]

1.e4 c5 2.Nc3 Nc6 3.g3 g6 4.Bg2 Bg7 5.d3 Nf6 6.Be3 d6 7.h3 e6 8.Nge2 a6 9.
f4 Qc7 10.O-O O-O 11.g4 Rb8 12.Ng3 b5 13.Qd2 Rd8 14.f5 b4 15.Nce2 Ne5 16.
Bh6 Bh8 17.Qg5 Ne8 18.fxg6 hxg6 19.Rf2 f6 20.Qe3 Nf7 21.h4 Kh7 22.g5 Nxh6 
23.gxh6 Bb7 24.Bh3 Bc8 25.Raf1 d5 26.Kh1 dxe4 27.Nxe4 Bb7 28.Nf4 f5 29.
Nxe6 Qe7 30.Rxf5 gxf5 31.Bxf5+ Kg8 32.h7+ Kf7 33.Qh6 Ng7 34.Qg6# 1-0

[Event "N3 - Montpellier Eur / Cahors"]
[Site "?"]
[Date "2003.??.??"]
[Round "6.3"]
[White "Py, Jean"]
[Black "Dervieux, Dominique"]
[Result "1/2-1/2"]
[WhiteElo "2165"]
[BlackElo "1830"]
[EventDate "2003.07.04"]
[PlyCount "116"]

1.d4 g6 2.Nf3 Bg7 3.Bf4 c6 4.e3 d5 5.Be2 Nh6 6.O-O O-O 7.c4 f6 8.cxd5 cxd5
9.Nc3 Nc6 10.Qb3 e6 11.Rfd1 Nf7 12.Bg3 Nd6 13.h3 Kh8 14.Rac1 Re8 15.a3 a6 
16.Qa2 Ne7 17.Na4 b5 18.Nc5 Ra7 19.b3 Nef5 20.Bh2 Bf8 21.Rc2 Nb7 22.Nxb7 
Rxb7 23.Rdc1 Bd7 24.g4 Nd6 25.a4 Qb6 26.Bf1 Reb8 27.a5 Qd8 28.Ne1 Rc8 29.
Nd3 Rbc7 30.Nc5 Rc6 31.Bd3 Qe8 32.Qb2 Qd8 33.Qa1 Qe8 34.Bg3 Nf7 35.b4 Bd6 
36.Bxd6 Nxd6 37.Qa2 Kg7 38.Kg2 Kh8 39.Re1 f5 40.f3 Qf7 41.Rf2 Rf8 42.Ref1 
Bc8 43.Qe2 Rc7 44.e4 f4 45.exd5 exd5 46.Qe5+ Qf6 47.Qxf6+ Rxf6 48.Re2 Nc4 
49.Rfe1 Ne3+ 50.Kf2 g5 51.Rh1 Rh6 52.Ree1 Kg7 53.Rc1 Rcc6 54.Rcg1 Rh4 55.
Rh2 Rch6 56.Rgh1 Rc6 57.Ke1 h5 58.Kd2 Rh6 1/2-1/2

[Event "N3 - Montpellier Eur / Cahors"]
[Site "?"]
[Date "2003.??.??"]
[Round "6.1"]
[White "Bertrand, Frederic"]
[Black "Nivat, Alain"]
[Result "1-0"]
[WhiteElo "2233"]
[BlackElo "2070"]
[EventDate "2003.07.04"]
[PlyCount "91"]

1.d4 Nf6 2.c4 e6 3.Nf3 b6 4.e3 Bb7 5.Bd3 Ne4 6.O-O f5 7.Nfd2 Qh4 8.Nxe4 
fxe4 9.Be2 Bd6 10.g3 Qg5 11.f4 Qe7 12.Nc3 Bb4 13.Nb5 Qd8 14.a3 Be7 15.d5 
c6 16.Nc3 exd5 17.cxd5 cxd5 18.Nxd5 O-O 19.Bc4 Kh8 20.Bd2 Na6 21.Nxe7 Qxe7
22.Bxa6 Bxa6 23.Bb4 Qf6 24.Bxf8 Bxf1 25.Kxf1 Rxf8 26.Qd2 d5 27.Rc1 Qd6 28.
Qc3 Qe6 29.Qd2 h6 30.Kg2 Rf7 31.h3 Rd7 32.Qd4 Kh7 33.b4 Qd6 34.g4 Qf6 35.
Qxf6 gxf6 36.Rc6 Kg7 37.Kf2 Kf7 38.Ke2 Kg7 39.h4 Kf7 40.Kd2 Kg7 41.Kc3 Kf7
42.Kd4 Ke7 43.a4 Kf7 44.a5 bxa5 45.bxa5 Ke7 46.Rc5 1-0

[Event "N3 - Ech Toulousain / Agen"]
[Site "?"]
[Date "2003.??.??"]
[Round "6.8"]
[White "Taulere, Sandrine"]
[Black "Dos Santos, Pascal"]
[Result "0-1"]
[WhiteElo "1630"]
[BlackElo "1670"]
[EventDate "2003.07.04"]
[PlyCount "80"]

1.e4 e6 2.d4 d5 3.e5 c5 4.c3 Nc6 5.Nf3 Bd7 6.Bd3 Qb6 7.Bc2 Rc8 8.a3 cxd4 
9.cxd4 f6 10.O-O fxe5 11.Nxe5 Nf6 12.Nf3 Bd6 13.b4 O-O 14.Bb2 Qc7 15.Nc3 
Ne7 16.Rc1 Bf4 17.Rb1 Ng4 18.g3 Bh6 19.Qd3 g6 20.Rbe1 Qc4 21.Qxc4 Rxc4 22.
Ne5 Nxe5 23.Rxe5 Nc6 24.f4 Nxe5 25.dxe5 Rfc8 26.Ba4 Bxa4 27.Nxa4 b6 28.Rf2
Rc2 29.h4 Rxf2 30.Kxf2 Rc2+ 31.Ke3 b5 32.Kd3 Rg2 33.Nc5 Rxb2 34.Nxe6 Rb3+ 
35.Kd4 Rxa3 36.Kxd5 Bf8 37.Nc7 a6 38.e6 Bxb4 39.Kc6 Rc3+ 40.Kd7 Rxc7+ 0-1

[Event "N3 - Ech Toulousain / Agen"]
[Site "?"]
[Date "2003.??.??"]
[Round "6.6"]
[White "Daragon, Bruno"]
[Black "Cruzel, Thierry"]
[Result "1/2-1/2"]
[WhiteElo "1950"]
[BlackElo "1840"]
[EventDate "2003.07.04"]
[PlyCount "91"]

1.c4 Nf6 2.Nc3 e6 3.e4 d5 4.e5 Nfd7 5.d4 dxc4 6.Bxc4 c5 7.Be3 cxd4 8.Bxd4 
Nc6 9.Nf3 Nxd4 10.Qxd4 Bc5 11.Qg4 O-O 12.O-O Re8 13.Rad1 Qc7 14.Rfe1 Nf8 
15.Bb3 Bd7 16.Ne4 Be7 17.Nf6+ Bxf6 18.exf6 Ng6 19.fxg7 Bc6 20.h4 Qf4 21.
Qxf4 Nxf4 22.Rd4 Nh5 23.Ne5 Kxg7 24.g4 Nf6 25.Rf4 Re7 26.g5 Nd7 27.Nxc6 
bxc6 28.Rc1 Rc8 29.Ba4 c5 30.b4 Nb6 31.Bb3 cxb4 32.Rxc8 Nxc8 33.Rxb4 Nd6 
34.a4 Nf5 35.a5 Nd6 36.Bc2 Rb7 37.Rd4 Nb5 38.Rd3 Re7 39.Kg2 Nc7 40.f4 Nd5 
41.Kf3 Nb4 42.Rc3 Nxc2 43.Rxc2 Rb7 44.Rc5 Rb3+ 45.Kg4 Ra3 46.h5 1/2-1/2

[Event "N3 - Ech Toulousain / Agen"]
[Site "?"]
[Date "2003.??.??"]
[Round "6.4"]
[White "Garaud, Alain"]
[Black "Dumas"]
[Result "1-0"]
[WhiteElo "1930"]
[BlackElo "2050"]
[EventDate "2003.07.04"]
[PlyCount "121"]

1.e4 e6 2.d4 d5 3.Nc3 Bb4 4.e5 Qd7 5.Ne2 b6 6.g3 Bb7 7.Bh3 c5 8.a3 Ba5 9.
O-O Nc6 10.f4 Nge7 11.Qd3 cxd4 12.Nb5 Ba6 13.Nd6+ Qxd6 14.Qxa6 Qc5 15.Qd3 
b5 16.b4 Nxb4 17.axb4 Bxb4 18.Bb2 Nc6 19.Kh1 Ke7 20.Nxd4 Qb6 21.Nxc6+ Qxc6
22.c3 Bc5 23.Bg2 g6 24.c4 bxc4 25.Qxc4 Qb6 26.Qxc5+ Qxc5 27.Ba3 Rhc8 28.
Rfb1 Kd7 29.Bxc5 Rxc5 30.Rb7+ Rc7 31.Rb2 a5 32.Bf1 Ke7 33.Ra4 Rca7 34.Be2 
Rc8 35.Kg2 Rc5 36.Kf2 Kd7 37.Rb8 h5 38.Ke3 Kc7 39.Rf8 Kb6 40.Rb8+ Kc7 41.
Rb2 Kc6 42.Bd3 Rb7 43.Rxb7 Kxb7 44.Kd4 Kb6 45.Ra2 Rc7 46.Bc2 Kb5 47.Ba4+ 
Kb4 48.Be8 Rc4+ 49.Ke3 Rc3+ 50.Ke2 Rc7 51.Ra4+ Kb3 52.Rxa5 Rc2+ 53.Ke3 
Rc3+ 54.Kf2 Rc2+ 55.Kg1 Rc1+ 56.Kg2 d4 57.Bxf7 d3 58.Bxe6+ Kb2 59.Rd5 Rc2+
60.Kh3 Kc1 61.Rxd3 1-0

[Event "N3 - Condom / Tournefeuille"]
[Site "?"]
[Date "2003.??.??"]
[Round "6.7"]
[White "Beaurain, Louis"]
[Black "Casella, Laurent"]
[Result "0-1"]
[WhiteElo "1960"]
[BlackElo "2010"]
[EventDate "2003.07.04"]
[PlyCount "125"]

1.d4 Nf6 2.Nf3 g6 3.Nc3 Bg7 4.Bf4 Nh5 5.Be5 f6 6.Bg3 d5 7.e3 Bg4 8.Be2 
Nxg3 9.hxg3 c6 10.Bd3 e5 11.dxe5 fxe5 12.e4 d4 13.Ne2 Nd7 14.a3 Nc5 15.b4 
Nxd3+ 16.Qxd3 a5 17.b5 Qf6 18.Nd2 O-O 19.f3 Be6 20.Nb3 Qf7 21.b6 Bc4 22.
Qd1 Ra6 23.Nec1 Qe7 24.Nd3 Bxb3 25.cxb3 Rxb6 26.b4 Ra8 27.O-O axb4 28.Nxb4
Kh8 29.Qd2 Qf8 30.f4 Bh6 31.Qd1 Qe7 32.g4 Rb5 33.g5 Bg7 34.Nc2 exf4 35.
Rxf4 Rd8 36.a4 Rxg5 37.Ne1 c5 38.Nf3 Rh5 39.Qd3 {40.a5 Qc7 41.Rh4 c4 42. 
Rc1 Qg3 43.Qa3 Rxh4 44.Qe7 Rf8 45.Qxh4 Rxf3 46.Qxg3 Rxg3 47.Rxc4 Rc3 48. 
Rb4 d3 49.Kf2 Rc7 50.a6 Rf7+ 51.Ke3 bxa6 52.Kxd3 Bf8 53.Ra4 Ra7 54.Kc4 a5 
55.Kd5 Bb4 56.Ra1 a4 57.Kc4 Be7 58.e5 a3 59.Kd5 Ra6 60.Ra2 Kg7 61.e6 Kf6 
62.Rf2+ Kg5 63.Ra2} 0-1

[Event "N3 - Condom / Tournefeuille"]
[Site "?"]
[Date "2003.??.??"]
[Round "6.5"]
[White "Delpech, Frederic"]
[Black "Laurain, Dominique"]
[Result "1/2-1/2"]
[WhiteElo "2067"]
[BlackElo "2109"]
[EventDate "2003.07.04"]
[PlyCount "108"]

1.e4 e6 2.d4 d5 3.Nd2 Nf6 4.e5 Nfd7 5.Bd3 c5 6.c3 Nc6 7.Ne2 cxd4 8.cxd4 f6
9.exf6 Nxf6 10.O-O Bd6 11.Nf3 Qc7 12.Bg5 O-O 13.Rc1 Ng4 14.Ng3 g6 15.Nd2 
e5 16.Be2 Nf6 17.Bxf6 Rxf6 18.Nde4 dxe4 19.d5 Bf5 20.dxc6 bxc6 21.Bc4+ Kh8
22.Bd5 e3 23.fxe3 Qb6 24.Bxc6 Qxe3+ 25.Kh1 Raf8 26.Re1 Qb6 27.Qe2 Bc8 28.
Bf3 Ba6 29.Qe3 Qxe3 30.Rxe3 Bb8 31.Ne4 Rf4 32.Nc5 Rc8 33.Rec3 Bb5 34.Ne6 
Rfc4 35.Bd5 Rxc3 36.Rxc3 Rxc3 37.bxc3 Bd6 38.c4 Bd7 39.Ng5 Kg7 40.Ne4 Bc7 
41.c5 Bf5 42.Kg1 h6 43.Kf2 Kf8 44.Nc3 Ba5 45.Nb5 a6 46.Nd6 Bb4 47.Nxf5 
gxf5 48.c6 Ke7 49.c7 Kd7 50.Be6+ Kxc7 51.Bxf5 Kd6 52.Be4 Bc5+ 53.Kf3 Bg1 
54.h3 a5 1/2-1/2

[Event "N3 - Condom / Tournefeuille"]
[Site "?"]
[Date "2003.??.??"]
[Round "6.1"]
[White "Dargagnon, Remi"]
[Black "Genestous, Patrick"]
[Result "1-0"]
[WhiteElo "2125"]
[BlackElo "2110"]
[EventDate "2003.07.04"]
[PlyCount "87"]

1.e4 Nf6 2.Nc3 d6 3.d4 g6 4.Nf3 Bg7 5.Bc4 c6 6.Qe2 O-O 7.Bg5 a5 8.a4 h6 9.
Bxf6 exf6 10.O-O Na6 11.Nh4 Kh7 12.Nf3 Nb4 13.Bb3 f5 14.e5 d5 15.Nd1 b6 
16.Qd2 Be6 17.c3 Na6 18.Bc2 Qe7 19.Qf4 Nc7 20.h4 h5 21.Ng5+ Kh8 22.Ne3 Bd7
23.Bxf5 gxf5 24.Nxf5 Qd8 25.Qf3 Kg8 26.Nd6 Ne6 27.Qxh5 Nxg5 28.hxg5 Qe7 
29.f4 f5 30.gxf6 Bxf6 31.Rae1 Qh7 32.Qxh7+ Kxh7 33.exf6 Bg4 34.Re7+ Kh6 
35.f7 Kg6 36.Re8 Bd7 37.Rxa8 Rxa8 38.Re1 Rf8 39.Re7 Bf5 40.Nxf5 Kxf5 41.g3
b5 42.axb5 cxb5 43.Re5+ Kf6 44.Rxd5 1-0

[Event "N3 - Carcassonne / CEIT"]
[Site "?"]
[Date "2003.??.??"]
[Round "6.7"]
[White "Betis-Doucet, Carol"]
[Black "Levitt, Olivier"]
[Result "0-1"]
[WhiteElo "1850"]
[BlackElo "1780"]
[EventDate "2003.07.04"]
[PlyCount "116"]

1.d4 d5 2.c4 c6 3.Nf3 Nf6 4.Nc3 dxc4 5.a4 Bf5 6.e3 e6 7.Bxc4 Nbd7 8.O-O 
Bb4 9.Qe2 Bxc3 10.bxc3 Ne4 11.Bb2 O-O 12.Nd2 Nxd2 13.Qxd2 Nb6 14.Bb3 c5 
15.a5 c4 16.Bd1 Bd3 17.axb6 Bxf1 18.Kxf1 Qxb6 19.Ba3 Rfd8 20.Bc5 Qxc5 21.
dxc5 Rxd2 22.Bf3 Rc8 23.Rxa7 g6 24.Ra5 Rc7 25.Rb5 Rc2 26.Bxb7 Rxc3 27.c6 
Rc2 28.Rc5 Kf8 29.Ba6 Ke7 30.Rxc4 Rxc4 31.Bxc4 Rxc6 32.Bd3 Rb6 33.Ke2 Rb2+
34.Kf3 e5 35.g4 Rd2 36.Be4 h6 37.h4 g5 38.hxg5 hxg5 39.Kg3 Re2 40.Bd3 Rb2 
41.Be4 Rb4 42.Kf3 f6 43.Bf5 Kd6 44.Kg3 Kd5 45.Bg6 Ra4 46.Bf7+ Kc5 47.Bb3 
Ra3 48.Be6 Ra4 49.Bb3 Rb4 50.Be6 Kb5 51.Bd7+ Kc4 52.f4 gxf4+ 53.exf4 e4 
54.Be6+ Kd3 55.g5 fxg5 56.fxg5 e3 57.g6 e2 58.Bf5+ Kd2 0-1

[Event "N3 - Carcassonne / CEIT"]
[Site "?"]
[Date "2003.??.??"]
[Round "6.5"]
[White "Camel, Lorenzo"]
[Black "Benmesbah, Natacha"]
[Result "1-0"]
[WhiteElo "1920"]
[BlackElo "1910"]
[EventDate "2003.07.04"]
[PlyCount "63"]

1.Nf3 Nf6 2.g3 g6 3.b3 Bg7 4.Bb2 d6 5.Bg2 e5 6.d3 Nc6 7.Nbd2 O-O 8.O-O Ne7
9.c4 c5 10.Qc2 Nf5 11.e3 Ne8 12.a3 h5 13.b4 Qc7 14.Ne4 cxb4 15.axb4 d5 16.
Ned2 h4 17.Rfc1 hxg3 18.hxg3 Qb6 19.c5 Qc7 20.b5 b6 21.cxb6 Qxb6 22.Qc5 
Qxc5 23.Rxc5 e4 24.Ne5 Ned6 25.dxe4 Re8 26.exf5 Bxe5 27.Bxe5 Rxe5 28.fxg6 
fxg6 29.Rxd5 Re6 30.Rxd6 Rxd6 31.Bxa8 Rxd2 32.Rxa7 1-0

[Event "N3 - Carcassonne / CEIT"]
[Site "?"]
[Date "2003.??.??"]
[Round "6.1"]
[White "Grizou, Regis"]
[Black "Chassy, Philippe"]
[Result "0-1"]
[WhiteElo "2195"]
[BlackElo "2121"]
[EventDate "2003.07.04"]
[PlyCount "103"]

1.Nf3 d5 2.c4 e6 3.e3 Nf6 4.b3 c6 5.Bb2 Nbd7 6.Be2 Bd6 7.d4 O-O 8.O-O Ne4 
9.Ne5 f6 10.Nxd7 Bxd7 11.Nd2 f5 12.f4 Be8 13.Nxe4 fxe4 14.Bg4 Rf6 15.Qe2 
Bg6 16.Rf2 Bf5 17.Bxf5 exf5 18.cxd5 cxd5 19.Qb5 Bf8 20.Rc2 a6 21.Qxb7 Rb6 
22.Qc7 Bd6 23.Qxd8+ Rxd8 24.Rac1 Kf7 25.Rc6 Rdb8 26.Kf2 Ke7 27.Ke2 Kd7 28.
Rxb6 Rxb6 29.Bc3 h6 30.g4 fxg4 31.Rg1 Rc6 32.Kd2 h5 33.h3 g5 34.hxg4 gxf4 
35.g5 fxe3+ 36.Ke2 Ke8 37.Be1 Bf4 38.g6 Kf8 39.Bg3 Rc2+ 40.Kd1 Rd2+ 41.Ke1
Bxg3+ 42.Rxg3 Kg7 43.Rg5 Rxd4 44.Rxh5 Kxg6 45.Re5 Kf6 46.Rh5 a5 47.Ke2 Rd3
48.a3 Ke6 49.b4 axb4 50.axb4 Rb3 51.b5 Rxb5 52.Kxe3 0-1

[Event "N3 - Cahors / Montpellier Eur"]
[Site "?"]
[Date "2003.??.??"]
[Round "6.8"]
[White "Rouqual, Guy"]
[Black "Belais, A."]
[Result "1/2-1/2"]
[WhiteElo "1540"]
[BlackElo "1860"]
[EventDate "2003.07.04"]
[PlyCount "94"]

1.d4 Nf6 2.Nf3 g6 3.Nbd2 d5 4.e3 Bg7 5.Bd3 Nbd7 6.O-O c5 7.b3 cxd4 8.exd4 
O-O 9.Re1 Re8 10.Bb5 a6 11.Bxd7 Bxd7 12.Ne5 b5 13.Ndf3 Rc8 14.Ng5 Rf8 15.
Ba3 h6 16.Nxd7 Qxd7 17.Nf3 Rfe8 18.Rc1 Ne4 19.Ne5 Qf5 20.Qf3 Qxf3 21.Nxf3 
Nc3 22.Bc5 e5 23.a3 exd4 24.Rxe8+ Rxe8 25.Kf1 Rc8 26.Bxd4 Na2 27.Rd1 Rxc2 
28.Bxg7 Kxg7 29.Rxd5 Rc1+ 30.Ne1 Rc3 31.Rd3 Rc1 32.b4 Rc3 33.Rxc3 Nxc3 34.
Nc2 Kf6 35.Ke1 Ke5 36.Kd2 Ne4+ 37.Ke3 Kd5 38.f3 Nc3 39.Kd3 Nb1 40.g4 f6 
41.h4 f5 42.g5 hxg5 43.hxg5 f4 44.Ne1 Nxa3 45.Ng2 Ke5 46.Nh4 Nc4 47.Nxg6+ 
Kf5 1/2-1/2

[Event "N3 - Cahors / Montpellier Eur"]
[Site "?"]
[Date "2003.??.??"]
[Round "6.6"]
[White "Van Steenbergen"]
[Black "Hassan"]
[Result "1/2-1/2"]
[WhiteElo "1750"]
[BlackElo "2020"]
[EventDate "2003.07.04"]
[PlyCount "51"]

1.e4 c5 2.Nf3 Nc6 3.d4 cxd4 4.Nxd4 e5 5.Nb5 a6 6.Nd6+ Bxd6 7.Qxd6 Qf6 8.
Qd1 Nge7 9.Nc3 O-O 10.Be3 d6 11.Qd2 Be6 12.h4 h6 13.O-O-O Rfd8 14.Nd5 Bxd5
15.exd5 Nb8 16.g4 Qg6 17.f3 f6 18.Bd3 Qf7 19.Bf5 Nxf5 20.gxf5 Qh5 21.Rhg1 
Kh7 22.Rg6 Qxf5 23.Rdg1 Qxg6 24.Rxg6 Kxg6 25.Qd3+ f5 26.h5+ 1/2-1/2

[Event "N3 - Cahors / Montpellier Eur"]
[Site "?"]
[Date "2003.??.??"]
[Round "6.4"]
[White "Thamier, Stephan"]
[Black "Aubagnac"]
[Result "0-1"]
[WhiteElo "1770"]
[BlackElo "2190"]
[EventDate "2003.07.04"]
[PlyCount "70"]

1.e4 e6 2.d4 d5 3.exd5 exd5 4.Nf3 Nc6 5.Be3 Nf6 6.Nbd2 Bd6 7.Bd3 O-O 8.c3 
Ne7 9.Qc2 Ng6 10.O-O-O Nf4 11.Ne5 Nxd3+ 12.Qxd3 Nd7 13.Nxd7 Bxd7 14.h3 Qf6
15.g4 Rfe8 16.Rde1 a6 17.g5 Qf5 18.Qxf5 Bxf5 19.h4 Re7 20.h5 Rae8 21.c4 c6
22.c5 Bf4 23.g6 fxg6 24.hxg6 Bxg6 25.Rh3 Bxe3 26.Rhxe3 Rxe3 27.Rxe3 Rxe3 
28.fxe3 Be4 29.Kd1 h5 30.Ke1 g5 31.Kf2 h4 32.b4 Kf7 33.Nb3 g4 34.Na5 g3+ 
35.Kg1 h3 0-1

[Event "N3 - Cahors / Montpellier Eur"]
[Site "?"]
[Date "2003.??.??"]
[Round "6.2"]
[White "Marty, Brice"]
[Black "Guerin"]
[Result "0-1"]
[WhiteElo "1980"]
[BlackElo "2200"]
[EventDate "2003.07.04"]
[PlyCount "40"]

1.b3 e5 2.Bb2 d6 3.e3 Nf6 4.d4 Nbd7 5.dxe5 dxe5 6.Nf3 e4 7.Nfd2 Bc5 8.Be2 
Qe7 9.c4 Ne5 10.Nc3 Bf5 11.O-O Rd8 12.Qc2 Nd3 13.Rfd1 Nxf2 14.Kxf2 Bxe3+ 
15.Kf1 O-O 16.Nd5 Nxd5 17.cxd5 Qh4 18.Nxe4 Bxe4 19.Bd3 Qf4+ 20.Ke1 Rfe8 
0-1

[Event "N3 - CEIT / Carcassonne"]
[Site "?"]
[Date "2003.??.??"]
[Round "6.8"]
[White "Brauckmann"]
[Black "Salvagnac, Jean-Pierre"]
[Result "1-0"]
[WhiteElo "1720"]
[BlackElo "1880"]
[EventDate "2003.07.04"]
[PlyCount "81"]

1.e4 d6 2.d4 Nf6 3.f3 g6 4.c4 Nbd7 5.Be3 c6 6.Nc3 Bg7 7.Bd3 O-O 8.Nge2 e5 
9.d5 Ne8 10.b4 f5 11.O-O f4 12.Bf2 c5 13.bxc5 Nxc5 14.Bc2 Qg5 15.Kh1 Qh5 
16.Na4 b6 17.Nxc5 bxc5 18.Rb1 g5 19.g4 fxg3 20.Nxg3 Qxf3+ 21.Qxf3 Rxf3 22.
Kg2 Rf7 23.Ba4 Ba6 24.Bb5 Nc7 25.Bxa6 Nxa6 26.Nf5 Bf8 27.Be3 h6 28.h4 Nb4 
29.hxg5 hxg5 30.Bxg5 Rh7 31.Rg1 Nxa2 32.Kf1 Nb4 33.Be7+ Kf7 34.Bxd6 Bxd6 
35.Nxd6+ Ke7 36.Nb7 Rf7+ 37.Ke2 Rc8 38.Nxc5 Nxd5 39.cxd5 Rxc5 40.Rb7+ Ke8 
41.Rg8+ 1-0

[Event "N3 - CEIT / Carcassonne"]
[Site "?"]
[Date "2003.??.??"]
[Round "6.6"]
[White "Talavera"]
[Black "Urso, Gianni"]
[Result "1-0"]
[WhiteElo "1890"]
[BlackElo "2020"]
[EventDate "2003.07.04"]
[PlyCount "37"]

1.e4 c5 2.c3 Nf6 3.e5 Nd5 4.d4 cxd4 5.cxd4 d6 6.Nf3 e6 7.Nc3 Nxc3 8.bxc3 
Be7 9.Bd3 Nc6 10.exd6 Qxd6 11.O-O O-O 12.Qe2 Re8 13.Ne5 Nxe5 14.dxe5 Qc5 
15.Bf4 g6 16.Rfd1 a6 17.Qf3 Rb8 18.Be4 Qc7 19.Rd2 1-0

[Event "N3 - CEIT / Carcassonne"]
[Site "?"]
[Date "2003.??.??"]
[Round "6.2"]
[White "Hutin, Christophe"]
[Black "Grigoriand"]
[Result "1-0"]
[WhiteElo "2107"]
[BlackElo "2120"]
[EventDate "2003.07.04"]
[PlyCount "97"]

1.e4 d6 2.d4 Nf6 3.Nc3 g6 4.Bg5 Bg7 5.e5 dxe5 6.dxe5 Qxd1+ 7.Rxd1 Ng4 8.h3
Nxe5 9.Nd5 Bd7 10.Nxc7+ Kd8 11.Nxa8 Nbc6 12.f4 h6 13.Bh4 g5 14.fxe5 gxh4 
15.Nf3 Kc8 16.c3 Nxe5 17.Be2 Nc6 18.O-O Rg8 19.Kh1 Bf6 20.Bc4 Rg7 21.Rd2 
Na5 22.Rfd1 Nxc4 23.Rxd7 Nd6 24.R7xd6 exd6 25.Rxd6 Be7 26.Rxh6 Rg8 27.Rh7 
Kd7 28.Rxf7 Rxa8 29.Nxh4 Ke6 30.Rh7 Rd8 31.Rh6+ Kf7 32.Nf5 Bg5 33.Rd6 Re8 
34.Rd1 Re2 35.Rb1 Kg6 36.Nd4 Rf2 37.a4 Kh5 38.b4 Bd2 39.c4 Kh4 40.Nf3+ Kg3
41.Nxd2 Rxd2 42.Rb3+ Kh4 43.Rc3 Rb2 44.b5 b6 45.c5 bxc5 46.Rxc5 Ra2 47.
Rc4+ Kg3 48.Rg4+ Kf2 49.Kh2 1-0

[Event "N3 - Agen / Ech Toulousain"]
[Site "?"]
[Date "2003.??.??"]
[Round "6.9"]
[White "Gaubant, Brigitte"]
[Black "Bonnetot, Gilles"]
[Result "0-1"]
[WhiteElo "1399"]
[BlackElo "1499"]
[EventDate "2003.07.04"]
[PlyCount "104"]

1.e4 e5 2.Nf3 Nc6 3.Nc3 Nf6 4.d4 d5 5.dxe5 Nxe4 6.Nxd5 Bb4+ 7.c3 Qxd5 8.
Qxd5 Bxc3+ 9.bxc3 Nxc3 10.Qb3 Ne4 11.Bb5 O-O 12.Bxc6 bxc6 13.Qc4 Nxf2 14.
Kxf2 Be6 15.Qc2 h6 16.Rd1 f6 17.exf6 Rxf6 18.Bb2 Bf5 19.Qc4+ Rf7 20.Ne5 
Be6+ 21.Ke2 Bxc4+ 22.Nxc4 Re8+ 23.Ne3 Re6 24.Rd8+ Kh7 25.Rad1 Rfe7 26.Bd4 
Rg6 27.Kd2 Rf7 28.Kd3 Rg5 29.Rc1 Ra5 30.Rf1 Ra3+ 31.Bc3 Re7 32.Rf3 a5 33.
Nf5 Rf7 34.g4 Rxa2 35.g5 hxg5 36.Rh3+ Kg6 37.Nd6 Rf1 38.Ne4 Rd1+ 39.Kc4 
Ra4+ 40.Kc5 Rxd8 41.Ng3 Ra3 42.Ne2 Ra2 43.Re3 Rc2 44.Re6+ Kh5 45.Kc4 a4 
46.Ng3+ Kg4 47.Re4+ Kh3 48.Nf1 g4 49.Re5 Rc1 50.Rh5+ Kg2 51.Ne3+ Kf3 52.
Nf5 g6 0-1